000 01712cam a2200445 a 4500
001 2529
003 FISKH
005 20231214091915.0
008 130204s2014 cau c 000 1 eng c
010 _a 2013003262
020 _a9781452124568
020 _a9780545791649
040 _aNJQ/DLC
_cNJQ
_dDLC
_beng
042 _apcc
_alcac
043 _an-us-la
050 0 0 _aPZ7.L15956
_bUps 2014
082 0 4 _a813.6
_223
100 1 _aLamana, Julie T.
245 1 0 _aUpside down in the middle of nowhere /
_cby Julie T. Lamana.
250 _aFirst Scholastic printing, October 2014
260 _aSan Francisco :
_bScholastic,
_c2014
300 _a313 pages :
_c22 cm
505 _aR
520 _aAt the end of August 2005, ten-year-old Armani is looking forward to her birthday party in the Lower Ninth Ward of New Orleans, where she and her extended family live, but Hurricane Katrina is on the way, bringing destruction and tragedy in its wake.
521 8 _a750
_bLexile
521 8 _aR
_bRaz-Plus
650 0 _aHurricane Katrina, 2005
_vJuvenile fiction.
650 0 _aAfrican American families
_zLouisiana
_zNew Orleans
_vJuvenile fiction.
650 0 _aSurvival
_zLouisiana
_zNew Orleans
_vJuvenile fiction.
650 1 _aHurricane Katrina, 2005
_vFiction.
650 1 _aAfrican Americans
_vFiction.
650 1 _aFamily life
_zLouisiana
_vFiction.
650 1 _aSurvival
_vFiction.
651 0 _aLower Ninth Ward (New Orleans, La.)
_vJuvenile fiction.
651 0 _aNew Orleans (La.)
_vJuvenile fiction.
651 1 _aNew Orleans (La.)
_vFiction.
906 _a7
_bcbc
_corignew
_d1
_eecip
_f20
_gy-gencatlg
942 _2ddc
_cBK
_n0
999 _c2529
_d2529